000 03513nam a2200229Ia 4500
003 Ost
005 20260507075729.0
008 260507s9999||||xx |||||||||||||| ||und||
020 _ax001377977
040 _cfsecg
041 _aara
082 _a341.75
100 _aعبد الحميد، عبد المطلب
_eمؤلف
245 0 _aالسوق الافريقية المشتركة والإتحاد الافريقى /
_c عبد المطلب عبد الحميد
260 _aالقاهرة:
_bمجموعة النيل العربية,
_c2004
300 _a224 صفحة؛
_c24 سم
504 _aبيبليوغرافيا :ص.222
520 _aفي ظل نظام اقتصادي عالمي جديد، لا يعترف إلا بالكيانات الكبيرة، ولا مكان فيه للكيانات الصغيرة المتفرقة، أصبح من الضروري ومن الحتمي أن تتجه الدول الإفريقية إلى تكوين تكتل اقتصادي إفريقي، ينقذ إفريقيا من مشكلاتها ويقيلها من عثرتها، خاصة أن إفريقيا هي القارة الأغنى من حيث الموارد الاقتصادية وتوافرها، والأفقر من حيث استغلال وإدارة هذه الموارد، الأمر الذي يحتم على الدول الإفريقية أن تكوَّن هذا الكيان الاقتصادي التكاملي، الذي يُحَسّن استخدام هذه الموارد في مجموعها لتعود بالخير والنماء على كل دول هذه القارة السمراء ذات الأغلبية الفقيرة. ومن الملاحظ أن هناك جهودًا كبيرة قد بُذلت منذ حصول الدول الإفريقية الثلاث والخمسين على استقلالها، من أجل تكوين مجموعة من التكتلات الاقتصادية، ذات البُعد الجغرافي الإقليمي، والتي تتشابه في ظروفها الاقتصادية، أملاً في تكوين ما يمكن أن يُطلق عليه الجماعة الإفريقية وصولاً بها إلى السوق الإفريقية المشتركة، على غرار الجماعة الاقتصادية الأوروبية، والتي تحولت فيما بعد إلى الاتحاد الأوروبي. ولذلك يحاول هذا الكتاب عرض التجربة الإفريقية من خلال تناول السوق الإفريقية المشتركة لدول جنوب وشرق إفريقيا والاتحاد الإفريقي وآفاقه المستقبلية وتجد في طياته مايلي من فصول 1.السوق الإفريقية المشتركة والإتحاد الإفريقي 2.التعريف بالسوق العربية المشتركة 3.الاطار المؤسسي للسوق الإتحاد الإفريقي المشترك 4.الملامح الاساسية لاقتصاديات دول السوق الافريقية المشتركة 5. مجالات التعاون الاقتصادي بين دول السوق الافريقية المشتركة 6.مؤتمرات السوق الافريقية المشتركة ونتائجها 7.ابعاد وافاق العلاقات الاقتصادية بين مصر والسوق الافريقية المشتركة 8.الاتحاد الافريقي وآفاقه المستقبلية
653 _aالاقتصاد الدولي
653 _aالاقتصاد-دول افريقيا
942 _cكتاب
999 _c46019
_d46019